| 000 | 01486cam a2200433 4500 | ||
|---|---|---|---|
| 003 | PE-LiUPU | ||
| 005 | 20250731173008.0 | ||
| 020 | _a0567292916 | ||
| 035 | _a(Sirsi) i9780567292919 | ||
| 035 | _a(Sirsi) 23123 | ||
| 035 | _a(Sirsi) 23123 | ||
| 041 | _aen | ||
| 044 | _ade | ||
| 082 | 0 | 4 |
_a232.1 _bH39 |
| 100 | 1 | _aHengel, Martin | |
| 245 |
_aStudies in early Christology / _cMartín Hengel. |
||
| 264 | 1 |
_aEdinburgh : _bTT Clark, _c1995 |
|
| 300 |
_a402 páginas ; _c22 cm. |
||
| 505 | 0 | _aJesus, The Messiah of Israel -- Jesus as messianic teacher of wisdom and the beginnings of christology -- 'Sit at my right hand!' -- The song about Christ in earliest worship -- The dionysiac messiah -- The kingdom of Christ in John -- Christological titles in early christianinty. | |
| 526 | _aSEG42 | ||
| 526 | _aSEG41 | ||
| 526 | _aSEG40 | ||
| 526 | _aSEG39 | ||
| 526 | _aP94 | ||
| 526 | _aP87 | ||
| 526 | _aP86 | ||
| 526 | _aP85 | ||
| 526 | _aP77 | ||
| 526 | _aP76 | ||
| 526 | _aP35 | ||
| 600 | 0 |
_aJesucristo _xHistoria de las doctrinas _yIglesia primitiva, ca. 30-600 |
|
| 600 | 0 |
_aJesucristo _xPersona y oficio |
|
| 942 |
_2ddc _cBOOK |
||
| 949 |
_a232.1 H39 _i46208 _lPOSTGRADO _mBUL _tLIBRO _o.STAFF. Posgrado |
||
| 910 | _aaj-op | ||
| 596 | _a1 | ||
| 999 |
_a232.1 H39 _wDEWEY _c22988 _i46208 _f2021-11-10 _g5 _lCCODEBUL1 _mBUL _r0 _sY _tBOOK _u2015-6-24 _xTEOLOGIA _PP35 _0COMPRA _o.STAFF. Colección General _d22988 |
||
| 980 |
_81 _gALBERTO SANCHEZ Responsable de Automatización |
||